000 00454nam a2200145 a 4500
001 000026913
005 20200930030503.0
008 110328s1952 dr 000 0 spa d
040 _aDO-SdBNP
_bspa
_cBNPHU
100 1 _aAcosta Corcino, J. F.
_944325
245 1 3 _aLa Ética individual. :
_bprincipios para la vida y la grandeza. /
_cJ. F. Acosta Corcino.
260 _aSanto Domingo, :
_bArte y Cine,
_c1952.
300 _a120 p. ;
_c23 cm.
049 _aBNPD
999 _c26405
_d26405